Motivačný program vo vybranom podniku bakalárska práca

Enregistré dans:
Détails bibliographiques
Auteur principal: Pavlišová, Miroslava
Collectivité auteur: Fakulta podnikového manažmentu EU. Katedra manažmentu
Autres auteurs: Jamnický, Peter
Format: Livre
Langue:slovaque
Publié: Bratislava 2014
Tags: Ajouter un tag
Pas de tags, Soyez le premier à ajouter un tag!

MARC

LEADER 00000nbm a2200000 4500
001 0189686
005 20170201093446.7
041 0 |a slo 
044 |a SK 
245 1 0 |a Motivačný program vo vybranom podniku  |b bakalárska práca  |c Miroslava Pavlišová ; školiteľ: Peter Jamnický 
264 1 |a Bratislava  |c 2014 
300 |a 55 s. 
100 1 |a Pavlišová, Miroslava 
700 1 |a Jamnický, Peter 
710 2 |a Fakulta podnikového manažmentu EU. Katedra manažmentu